Images of England - creating a unique photographic asset of England's listed buildings (Record no. 74197)

MARC details
000 -LEADER
fixed length control field 01171cab a2200217 4500
001 - CONTROL NUMBER
control field ABS67491
008 - FIXED-LENGTH DATA ELEMENTS--GENERAL INFORMATION
fixed length control field 040301n2003 000 0 eng u
035 ## - SYSTEM CONTROL NUMBER
System control number (Sirsi) u125274
100 ## - MAIN ENTRY--PERSONAL NAME
Personal name Saxon, A.
245 ## - TITLE STATEMENT
Title Images of England - creating a unique photographic asset of England's listed buildings
260 ## - PUBLICATION, DISTRIBUTION, ETC.
Date of publication, distribution, etc. 2003
490 ## - SERIES STATEMENT
Series statement Christie's Bulletin for Professional Advisers
Volume/sequential designation Winter 2003, 18-20(3)
520 ## - SUMMARY, ETC.
Summary, etc. Images of England is a photographic record of England's listed buildings, funded by English Heritage. Started in 1999, the database now has 80 000 out of 370 000 written descriptions now matched with their photographs. The written description varies but includes a statement of the building type, along with details of any important architectural features and any historically significant facts. The images are available online at www.imagesofengland.org.uk, as an educational resource.
590 ## - LOCAL NOTE (RLIN)
Local note ABS
650 ## - SUBJECT ADDED ENTRY--TOPICAL TERM
Topical term or geographic name entry element HISTORIC BUILDINGS
650 ## - SUBJECT ADDED ENTRY--TOPICAL TERM
Topical term or geographic name entry element LISTED BUILDINGS
650 ## - SUBJECT ADDED ENTRY--TOPICAL TERM
Topical term or geographic name entry element PHOTOGRAPHIC LIBRARY
650 ## - SUBJECT ADDED ENTRY--TOPICAL TERM
Topical term or geographic name entry element EDUCATIONAL USES
690 ## - LOCAL SUBJECT ADDED ENTRY--TOPICAL TERM (OCLC, RLIN)
Topical term or geographic name as entry element BUILT ENVIRONMENT-BUILDING MAINTENANCE AND REFURBISHMENT-BUILDING CONSERVATION
942 ## - ADDED ENTRY ELEMENTS (KOHA)
Suppress in OPAC 0
Holdings
Withdrawn status Lost status Source of classification or shelving scheme Damaged status Not for loan Home library Current library Shelving location Date acquired Total Checkouts Full call number Barcode Date last seen Copy number Price effective from Koha item type
    Dewey Decimal Classification     London London Journal article 01/03/2004   ABS67491 125274-1001 06/08/2019 1 06/08/2019 Journal article